| 000 | 00344nam a22001337a 4500 | ||
|---|---|---|---|
| 999 |
_c155406 _d155406 |
||
| 020 | _a | ||
| 082 |
_a _b |
||
| 100 | _aSunanda Sharad Joshi | ||
| 245 |
_aThe trends of philosophical thought in mahabharata/ _cby Sunanda Sharad Joshi. |
||
| 260 |
_aDelhi: _bBharathiya Kala Prakashan, _c2011. |
||
| 300 | _a337p. | ||
| 650 | _a | ||
| 942 | _cBK | ||